| 000 | 01170nam a2200229 a 4500 | ||
|---|---|---|---|
| 001 | 000048205 | ||
| 005 | 20201002061005.0 | ||
| 008 | 181205s2015 dr 000 m spa d | ||
| 020 | _a9789945167023 | ||
| 040 |
_aDO-SdBNP _bspa _cBNPHU |
||
| 082 |
_axxxx _bR696u |
||
| 100 | 1 |
_aRodríguez González, Lily _975649 |
|
| 245 | 1 | 0 |
_aUniversidad dominicana : _bVisión y futuro desde cincuenta años de desarrollo (1961-2005) / _cLily Rodríguez González ; prólogos Dr. Príamo Rodríguez Castillo, Dr. José María Hernández Díaz. |
| 260 |
_aSanto Domingo : _bBúho, _c2015. |
||
| 300 |
_a151 p. ; _c23 cm. |
||
| 500 | _aIncluye datos biográficos de la autora en la solapa de la cubierta | ||
| 504 | _aBibliografía : p. 139-151 | ||
| 505 | 0 |
_aPrólogo 1 Príamo Rodríguez Castillo -- _tPrólogo 2 José María Hernández Díaz -- _tIntroducción -- _gCapítulo I _tFinalidad de la universidad dominicana -- _gCapítulo II _tOferta educativa de grado y postgrado -- _gCapítulo III _tInvestigación y tecnología -- |
|
| 590 | _aInventariado, 2019/LP | ||
| 700 | 1 |
_aRodríguez Castillo, Príamo, _epról. _964499 |
|
| 700 | 1 |
_aHernández Díaz, José María, _epról. _975650 |
|
| 999 |
_c47693 _d47693 |
||